| 000 | 00646cam a22002293a 4500 | ||
|---|---|---|---|
| 001 | 29006 | ||
| 003 | PGUSA | ||
| 005 | 20140828083628.0 | ||
| 008 | 090530s2009||||xxu|||||s|||||000 | eng d | ||
| 040 |
_aPGUSA _beng |
||
| 042 | _adc | ||
| 050 | 4 | _aPT | |
| 100 | 1 |
_aTrakl, Georg, _d1887-1914 |
|
| 245 | 1 | 0 |
_aDie Dichtungen von Georg Trakl : _bErste Gesamtausgabe _h[electronic resource] / _cGeorg Trakl |
| 260 |
_bProject Gutenberg, _c2009 |
||
| 506 | _aPublic domain in the USA. | ||
| 516 | _aElectronic text | ||
| 700 | 1 | _aRöck, Karl | |
| 830 | 0 |
_aProject Gutenberg _v29006 |
|
| 856 | 4 | 0 | _uhttp://www.gutenberg.org/ebooks/29006 |
| 942 | _cEB | ||
| 999 |
_c258261 _d258261 |
||